000 00679nam a2200241Ia 4500
003 OSt
005 20220918172301.0
006 a|||||r|||| 00| 0
007 ta
008 220917b |||||||| |||| 00| 0 eng d
024 _a75
037 _cTextual
040 _aARTS
_cARTS
_beng
041 _2eng
_aeng
082 _aO111,6K05:g, K7
100 _aNathanson Leonard
_941101
245 0 _aStrategy of truth
_b A study of Sir Thomas Browne
260 _aChicago
_bUniversity of Chicago Press USA
_c1967
300 _aix,241p.
_ccm.
650 _aENGLISH LITERATURE
942 _hO111,6K05:g, K7
_cTEXL
_2CC
999 _c143332
_d143332